000 00735nam a2200205 a 4500
001 BRCA_1093
005 20190320203257.0
008 950309s1994 mx-a---##b---#000-0#spa-#
020 _a9682958261
040 _aDLC
_cDLC
050 4 _aN910.M36
_b.M87 1994
245 1 0 _aMuseo Nacional de Arte
_buna ventana al arte mexicano de cuatro siglos.
260 _a[México]
_bCONACULTA
_c1994
300 _a192 p.
_bil. a color
_c33 cm.
500 _aCatálogo de la exposición realizada en el Museo Nacional de Arte (Ciudad de México), noviembre 1994
610 2 4 _aMuseo Nacional Arte (Ciudad de México)
_vExposiciones
_93598
650 1 4 _aArte mexicano
_vExposiciones
_93599
650 1 4 _aArte
_vExposiciones
_zMéxico
_93600
942 _2lcc
_cB
999 _c972
_d972